Carambá (Record no. 59255)

MARC details
000 -LEADER
campo de control de longitud fija 01179nac a22002537a 4500
003 - IDENTIFICADOR DE NÚMERO DE CONTROL
campo de control Co-PeBPM
005 - FECHA Y HORA DE LA ÚLTIMA TRANSACCIÓN
campo de control 20240616004339.0
007 - CAMPO FIJO DE DESCRIPCIÓN FÍSICA--INFORMACIÓN GENERAL
campo de control de longitud fija ta
008 - DATOS DE LONGITUD FIJA--INFORMACIÓN GENERAL
campo de control de longitud fija 240615s2022 ck a|||| |||| 00| 0 spa d
020 ## - NÚMERO INTERNACIONAL ESTÁNDAR DEL LIBRO
Número Internacional Estándar del Libro 9789584982520
040 ## - FUENTE DE CATALOGACIÓN
Centro catalogador/agencia de origen Co-PeBPM
Lengua de catalogación spa
Centro/agencia transcriptor Co-PeBPM
Normas de descripción rda
082 04 - NÚMERO DE LA CLASIFICACIÓN DECIMAL DEWEY
Número de clasificación 986.1327 C268c
Número de edición 22
100 1# - ENTRADA PRINCIPAL--NOMBRE DE PERSONA
Nombre de persona Cardona Tobón, Alfredo
Término indicativo de función/relación autor
245 10 - MENCIÓN DEL TÍTULO
Título Carambá
Resto del título : Historia de Quinchía
Mención de responsabilidad, etc. / Alfredo Cardona Tobón
250 ## - MENCION DE EDICION
Mención de edición Primera edición
260 ## - PUBLICACIÓN, DISTRIBUCIÓN, ETC.
Lugar de publicación, distribución, etc. Pereira, Colombia
Nombre del editor, distribuidor, etc. : Editorial Homérica,
Fecha de publicación, distribución, etc. 2022
300 ## - DESCRIPCIÓN FÍSICA
Extensión 337 páginas
Otras características físicas ilustraciones en blanco y negro
Dimensiones 22 centímetros
500 ## - NOTA GENERAL
Nota general Incluye índice
500 ## - NOTA GENERAL
Nota general Contiene datos biográficos del autor en la solapa del texto
520 ## - RESUMEN, ETC.
Sumario, etc. Guerra y lágrimas, paz y alegría hacen parte del pasado. El Libro Carambá registra la historia de Quinchía en páginas que recuerdan con gratitud a los hombres y mujeres sus que forjaron el presente. En este libro se mencionan, también a los verdugos de la comunidad con la esperanza de que nunca más se repitan sus nefastas acciones.
650 14 - PUNTO DE ACCESO ADICIONAL DE MATERIA--TÉRMINO DE MATERIA
Subdivisión geográfica Quinchía (Risaralda) - Historia
Fuente del encabezamiento o término Lemb
650 14 - PUNTO DE ACCESO ADICIONAL DE MATERIA--TÉRMINO DE MATERIA
Término de materia o nombre geográfico como elemento de entrada Historia social y cultural
Fuente del encabezamiento o término Lemb
942 ## - ELEMENTOS DE ENTRADA SECUNDARIOS (KOHA)
Fuente del sistema de clasificación o colocación Clasificación Decimal Dewey
Tipo de ítem Koha Libros
Suprimir en OPAC No
Holdings
Estatus retirado Estado de pérdida Fuente del sistema de clasificación o colocación Estado de daño No para préstamo Biblioteca de origen Biblioteca actual Fecha de adquisición Fuente de adquisición Total de préstamos Signatura topográfica completa Código de barras Visto por última vez Copia número Precio de reemplazo Tipo de ítem Koha
    Clasificación Decimal Dewey     BIBLIOTECA PÚBLICA MUNICIPAL RAMON CORREA MEJIA BIBLIOTECA PÚBLICA MUNICIPAL RAMON CORREA MEJIA 15/06/2023 Donación   986.1327 C268c 60000 15/06/2024 Ej.1 15/06/2024 Libros

Powered by Koha